Joueurs de foot oubliables - Statistiques

Statistiques générales
  • Ce quiz a été pris 223 fois
    140 depuis la dernière actualisation
  • Le résultat moyen est 25 sur 36
Statistiques - réponses
Par images Réponse % Correct
Lenglet
90%
Witsel
90%
Mata
89%
Ruffier
89%
Cuadrado
88%
Fellaini
88%
Nzonzi
88%
Willian
87%
Oscar
85%
Cabella
84%
Braithwaite
83%
Costil
83%
Sidibé
83%
Lingard
81%
Alli
80%
Mathieu
79%
Cabaye
78%
Matic
78%
Kondogbia
77%
Gustavo
75%
Tielemans
74%
Malcolm
70%
Gonalons
67%
Kagawa
66%
Schneiderlin
64%
Valencia
63%
Toulalan
60%
Coupet
52%
Martin
50%
Young
50%
Zabaleta
50%
Deeney
39%
Doria
36%
Diabaté
30%
Karambeu
30%
Martinez
19%
Aucun quiz correspondant
Distribution des résultats
% des personnes avec chaque résultat
Percentile par nombre de réponses
Votre historique - résultats
Vous n’avez pas pris ce quiz depuis la dernière actualisation